Paszporty Według Zdjęć #2 - Statystyki

Ogólne statystyki
  • Ten quiz został rozwiązany 178 razy
  • Średni wynik to 8 z 15
Statystyki odpowiedzi
Obrazkowy Odpowiedź % Poprawnych
Turcja
92%
Australia
86%
Liban
82%
Portugalia
75%
Niemcy
66%
Meksyk
61%
Irlandia
51%
Holandia
50%
Argentyna
39%
Maroko
33%
Kenia
31%
Tajlandia
31%
Singapur
30%
Tajwan
18%
Kuba
8%
Nie znaleziono quizów pasujących do podanych kryteriów
Rozkład punktacji
Procent ludzi z każdym wynikiem
Percentyl według liczby udzielonych odpowiedzi
Twoja historia wyników
Nie rozwiązałeś tego quizu